Представление документа в формате RUSMARC

ПолеНазваниеЗначение
  Тип записи a
  Библиографический уровень a
001 Контрольный номер RU/CBS_Ul/BASE/518017426
005 Дата корректировки 20240209175201.3
100 Данные общей обработки __
a Данные общей обработки 20160531d2016 ||| 0rusy0189 ca
101 Язык документа 0_
a Язык текста rus
102 Страна публикации __
a Страна публикации RU
105 Кодированные данные (монография) __
a Кодированные данные (монография) y###||||000|y
200 Заглавие и сведения об ответственности 1_
a Заглавие Подвиг на все времена
b Общее обозначение материала Текст
e Сведения, относящиеся к заглавию [к 100-летию Маресьева]
f Первые сведения об ответственности В. Коростелёва
300 Общие примечания __
a Общие примечания Ограничения по возрасту - 6+
461 Уровень набора _0
1 2000
a Детская роман-газета
463 Уровень физической единицы _0
1 001RU/CBS_Ul/BASE/518016336
1 2000
a № 5
v С. 13-16
1 210
d 2016
600 Персоналии _0
a Персоналии (Фамилия) Маресьев
b Персоналии (Имя, инициалы) А. П.
606 Тематические рубрики 0_
a Основная рубрика Маресьев, Алексей Петрович (1916 - 2001)
610 Ключевые слова 0_
a Ключевые слова Великая Отечественная война
610 Ключевые слова 0_
a Ключевые слова ВОВ
610 Ключевые слова 0_
a Ключевые слова Герои Великой Отечественной войны
610 Ключевые слова 0_
a Ключевые слова лётчики
610 Ключевые слова 0_
a Ключевые слова советские лётчики
610 Ключевые слова 0_
a Ключевые слова подвиги
686 Индексы других классификаций __
a Классификационный индекс 63.3(2)622.78
2 Код системы ББК
700 Автор _1
a Фамилия Коростелёва
b Имя (инициалы) В.
801 Источник записи _0
a Страна RU
b Организация МБУК ЦБС г. Ульяновска
c Дата составления 20160531
g Правила каталогизации RCR
801 Источник записи _1
a Страна RU
b Организация МБУК ЦБС г. Ульяновска
c Дата составления 20160531
g Правила каталогизации RCR
901 Тип документа __
t Тип документа b
w Контрольный № источника RU/CBS_Ul/BASE/518016336
910 Корректоры записи __
a Корректор записи Сидоркина
938 Служебная информация __
a Имя БД period